Städte und Gemeinden in Kärnten - Sudden Death - Statistiken

Allgemein
  • Dieses Quiz wurde 50 mal gespielt
  • Das Durchschnittsergebnis liegt bei 9 aus 15
Answers on the Grid
Answers color-coded by a green-red scale on the quiz's grid according to % correct below.
Klagenfurt
Villach
St. Veit an der Glan
Bleiburg
Wolfsberg
Spittal an der Drau
Heiligenblut
Friesach
Griffen
Velden
Bad St. Leonhard
Ferlach
Tamsweg
Köflach
Eibiswald
Vöcklabruck
Kitzingen
Lienz
Kaprun
Ebensee
Hollabrunn
Ebreichsdorf
Bad Leonfelden
Jenbach
Sonthofen
Radstadt
Trieben
Maria Wörth
Kötschach-Mauthen
Radenthein
 
Antwortstatistiken
Antwort % Korrekt
Klagenfurt
80%
Villach
75%
Spittal an der Drau
70%
St. Veit an der Glan
70%
Kötschach-Mauthen
65%
Maria Wörth
65%
Heiligenblut
55%
Velden
55%
Wolfsberg
55%
Ferlach
50%
Radenthein
50%
Bad St. Leonhard
45%
Bleiburg
45%
Friesach
40%
Griffen
35%
Keine übereinstimmenden Quizze gefunden
Verteilung der Resultate
Anzahl Personen mit jedem Resultat
Perzentil nach korrekt beantworteten Fragen
Ihre Resultats-Entwicklung
Sie haben dieses Quiz noch nicht gespielt